Roach's introductory clinical pharmacology / (Record no. 20079)
[ view plain ]
| 000 -LEADER | |
|---|---|
| fixed length control field | 01168cam a22003375a 4500 |
| 001 - CONTROL NUMBER | |
| control field | 15766334 |
| 005 - DATE AND TIME OF LATEST TRANSACTION | |
| control field | 20150826145420.0 |
| 006 - FIXED-LENGTH DATA ELEMENTS--ADDITIONAL MATERIAL CHARACTERISTICS--GENERAL INFORMATION | |
| fixed length control field | a||||f ||z 00| 0 |
| 008 - FIXED-LENGTH DATA ELEMENTS--GENERAL INFORMATION | |
| fixed length control field | 090605t2010 paua frd 001 0 eng d |
| 020 ## - INTERNATIONAL STANDARD BOOK NUMBER | |
| International Standard Book Number | 9781605476339 |
| 020 ## - INTERNATIONAL STANDARD BOOK NUMBER | |
| International Standard Book Number | 1605476331 |
| 040 ## - CATALOGING SOURCE | |
| Original cataloging agency | DNLM/DLC |
| Transcribing agency | DLC |
| Modifying agency | DLC |
| -- | EG-ScBUE |
| Language of cataloging | eng |
| 050 00 - LIBRARY OF CONGRESS CALL NUMBER | |
| Classification number | RM301.28 |
| Item number | .S34 2010 |
| 082 04 - DEWEY DECIMAL CLASSIFICATION NUMBER | |
| Classification number | 615.58 |
| Edition number | 22 |
| Item number | FOR |
| 100 1# - MAIN ENTRY--PERSONAL NAME | |
| Personal name | Ford, Susan M. |
| 9 (RLIN) | 38398 |
| 245 10 - TITLE STATEMENT | |
| Title | Roach's introductory clinical pharmacology / |
| Statement of responsibility, etc | Susan M. Ford, Sally S. Roach. |
| 246 30 - VARYING FORM OF TITLE | |
| Title proper/short title | Introductory clinical pharmacology |
| 250 ## - EDITION STATEMENT | |
| Edition statement | 9th ed. |
| 260 ## - PUBLICATION, DISTRIBUTION, ETC. (IMPRINT) | |
| Place of publication, distribution, etc | Philadelphia : |
| Name of publisher, distributor, etc | Wolters Kluwer/Lippincott Williams & Wilkins Health, |
| Date of publication, distribution, etc | c.2010. |
| 300 ## - PHYSICAL DESCRIPTION | |
| Extent | xviii, 652 p. : |
| Other physical details | ill. (col.) ; |
| Dimensions | 32 cm. + |
| Accompanying material | 1 (DVD-ROM) |
| 490 0# - SERIES STATEMENT | |
| Series statement | Lippincott's practical nursing |
| 500 ## - GENERAL NOTE | |
| General note | Rev. ed. of: Introductory clinical pharmacology / Sally S. Roach, Susan M. Ford. 8th ed. c2008. |
| 500 ## - GENERAL NOTE | |
| General note | Glossary : p. 583-591. |
| 500 ## - GENERAL NOTE | |
| General note | Index : p. 613-652. |
| 650 #0 - SUBJECT ADDED ENTRY--TOPICAL TERM | |
| Topical term or geographic name as entry element | Clinical pharmacology |
| Source of heading or term | BUEsh |
| 651 ## - SUBJECT ADDED ENTRY--GEOGRAPHIC NAME | |
| Source of heading or term | BUEsh |
| 653 ## - INDEX TERM--UNCONTROLLED | |
| Resource For college | Pharmacy |
| Arrived date list | June2015 |
| -- | August2015 |
| 655 ## - INDEX TERM--GENRE/FORM | |
| Form subdivision | |
| -- | 34232 |
| 700 1# - ADDED ENTRY--PERSONAL NAME | |
| Personal name | Roach, Sally S. |
| 942 ## - ADDED ENTRY ELEMENTS (KOHA) | |
| Source of classification or shelving scheme | Dewey Decimal Classification |
| Withdrawn status | Lost status | Source of classification or shelving scheme | Damaged status | Not for loan | Koha collection | Home library | Current library | Shelving location | Date acquired | Source of acquisition | Cost, normal purchase price | Serial Enumeration / chronology | Total Checkouts | Total Renewals | Full call number | Barcode | Checked out | Date last seen | Date last borrowed | Cost, replacement price | Koha item type |
|---|---|---|---|---|---|---|---|---|---|---|---|---|---|---|---|---|---|---|---|---|---|
| Dewey Decimal Classification | Central Library | Central Library | First floor | 29/06/2015 | 435.00 | 1091 | 1 | 14 | 615.58 FOR | 000039307 | 09/03/2023 | 07/11/2017 | 07/11/2017 | 544.00 | Book - Borrowing | ||||||
| Dewey Decimal Classification | Central Library | Central Library | First floor | 26/08/2015 | 435.00 | 1091 | 1 | 1 | 615.58 FOR | 000039813 | 24/08/2022 | 09/12/2020 | 544.00 | CD | DVD - With book |